书目信息 |
| 题名: |
现代铁路远程控制系统
|
|
| 作者: | 刘晓娟 , 郑云水 编著 | |
| 分册: | ||
| 出版信息: | 成都 西南交通大学出版社 2010.03 |
|
| 页数: | 274页 | |
| 开本: | 23cm | |
| 丛书名: | 现代铁路新技术丛书 | |
| 单 册: | ||
| 中图分类: | U283.1 | |
| 科图分类: | ||
| 主题词: | 铁路信号--tie lu xin hao--遥控系统 | |
| 电子资源: | ||
| ISBN: | 978-7-5643-0606-9 | |
| 000 | 01165nam 2200277 450 | |
| 001 | 012011661818 | |
| 005 | 20110103115228.09 | |
| 010 | @a978-7-5643-0606-9@dCNY29.50 | |
| 100 | @a20110103d2010 em y0chiy0120 ea | |
| 101 | 0 | @achi |
| 102 | @aCN@b510000 | |
| 105 | @aa a 000yy | |
| 106 | @ar | |
| 200 | 1 | @a现代铁路远程控制系统@Axian dai tie lu yuan cheng kong zhi xi tong@f刘晓娟, 郑云水编著@Fliu xiao juan,zheng yun shui bian zhu |
| 210 | @a成都@c西南交通大学出版社@d2010.03 | |
| 215 | @a274页@c图@d23cm | |
| 225 | 2 | @a现代铁路新技术丛书@Axian dai tie lu xin ji shu cong shu@i通信信号·控制 |
| 320 | @a有书目 (第272-274页) | |
| 330 | @a本书全面系统介绍了远程控制系统的基本原理、方法及其在铁路信号远程控制系统中的具体应用。主要内容有远程控制系统的基本概念、技术基础、调度集中(CTC)系统及应用、铁路列车调度指挥系统(TDCS)等。为配合教学,在每章附有小结及思考题。 | |
| 410 | 0 | @12001 @a现代铁路新技术丛书@i通信信号·控制 |
| 606 | 0 | @a铁路信号@Atie lu xin hao@x遥控系统 |
| 690 | @aU283.1@v4 | |
| 701 | 0 | @a刘晓娟@Aliu xiao juan@4编著 |
| 701 | 0 | @a郑云水@Azheng yun shui@4编著 |
| 801 | 0 | @aCN@bQSSK@c20110103 |
| 905 | @b791068-70@dU283.1@eL692@f3 | |
| 现代铁路远程控制系统/刘晓娟, 郑云水编著.-成都:西南交通大学出版社,2010.03 |
| 274页:图;23cm.-(现代铁路新技术丛书.通信信号·控制) |
| ISBN 978-7-5643-0606-9:CNY29.50 |
| 本书全面系统介绍了远程控制系统的基本原理、方法及其在铁路信号远程控制系统中的具体应用。主要内容有远程控制系统的基本概念、技术基础、调度集中(CTC)系统及应用、铁路列车调度指挥系统(TDCS)等。为配合教学,在每章附有小结及思考题。 |
| ● |
| 相关链接 |
|
|
|
正题名:现代铁路远程控制系统
索取号:U283.1/L692
 
预约/预借
| 序号 | 登录号 | 条形码 | 馆藏地/架位号 | 状态 | 备注 |
| 1 | 791068 | 207910689 | 自科库501/501自科库 50排2列4层/ [索取号:U283.1/L692] | 在馆 | |
| 2 | 791069 | 207910698 | 自科库501/501自科库 50排2列4层/ [索取号:U283.1/L692] | 在馆 | |
| 3 | 791070 | 207910705 | 自科库501/501自科库 50排2列4层/ [索取号:U283.1/L692] | 在馆 |